000 00367nam a2200133Ia 4500
008 220217s9999||||xx |||||||||||||| ||und||
020 _a978-81-261-3334-5
082 _a410 DUR
100 _aDurodola, Sharolyn Pollard
_95543
245 0 _aLearn listening
260 _aAnmol publication PVT. LTD.
_bNew Delhi
_c2007
300 _b450
650 _aGENERAL BOOKS
999 _c176551
_d176551